|
|
|
|
| LEADER |
01059nam a2200241 a 4500 |
| 001 |
3262649 |
| 008 |
090514s1982 okua b 000 0 eng d |
| 010 |
|
|
|a 81071996
|
| 020 |
|
|
|z 09427160305 (pbk.)
|
| 040 |
|
|
|a DLC
|c DLC
|d DLC
|
| 082 |
0 |
0 |
|a 630/.7/15
|2 19
|
| 100 |
1 |
|
|a Bunch, Roland.
|
| 245 |
1 |
0 |
|a Two ears of corn :
|b a guide to people-centered agricultural improvement /
|c by Roland Bunch.
|
| 260 |
|
|
|a Oklahoma City, Okla. (5116 North Portland, Oklahoma City 73112) :
|b World Neighbors,
|c c1982.
|
| 300 |
|
|
|a vii, 250 p. :
|b ill. ;
|c 22 cm.
|
| 504 |
|
|
|a Includes bibliographical references.
|
| 541 |
1 |
|
|e 00003359
|
| 650 |
|
0 |
|a Agriculture
|x Economic aspects
|z Developing countries.
|
| 650 |
|
0 |
|a Farms, Small
|z Developing countries.
|
| 650 |
|
0 |
|a Agricultural development projects
|x Planning.
|
| 852 |
4 |
|
|a <add library>
|j <shelf mark>
|
| 999 |
|
|
|c 684
|d 684
|
| 952 |
|
|
|0 0
|1 0
|2 ddc
|4 0
|6 630_715000000000000_BUN_1982
|7 0
|8 NFIC
|9 632
|a BRACUL
|b BRACUL
|c GEN
|d 2009-05-14
|g 0.00
|l 0
|o 630.715 BUN
|p 3010003359
|r 2009-05-14
|t 1
|w 2009-05-14
|y BK
|x No price found in the accession register.
|